[Event "XXXVII Olimpiadi femminile"]
[Site "Torino ITA"]
[Date "2006.06.03"]
[Round "12.2"]
[White "Goi, Veronika"]
[Black "Umudova, Nargiz"]
[Result "0-1"]
[WhiteElo "1913"]
[BlackElo "2176"]
[Annotator "AZE-ITA2"]
[PlyCount "62"]
[EventDate "2006.05.21"]

1. d4 Nf6 2. c4 g6 3. Nc3 Bg7 4. e4 d6 5. Nf3 O-O 6. Be2 Nbd7 7. O-O e5 8. Bg5
h6 9. Bh4 Re8 10. d5 a5 11. Ne1 Nc5 12. f3 Rf8 13. Bf2 Ne8 14. Nd3 b6 15. a3 f5
16. Nxc5 bxc5 17. Bd3 f4 18. Rb1 g5 19. Be2 Rf7 20. b4 axb4 21. axb4 cxb4 22.
Rxb4 Bf8 23. Qc2 Rg7 24. h3 h5 25. Qd1 Nf6 26. Re1 g4 27. hxg4 hxg4 28. Bh4 g3
29. Bd3 Rh7 30. Bg5 Qe8 31. Bxf4 Rh1+ 0-1

[Event "XXXVII Olimpiadi femminile"]
[Site "Torino ITA"]
[Date "2006.06.03"]
[Round "12.3"]
[White "Aghasiyeva, Fidan Aydin Qizi"]
[Black "Brunello, Marina"]
[Result "1-0"]
[WhiteElo "2088"]
[BlackElo "1920"]
[Annotator "AZE-ITA2"]
[PlyCount "151"]
[EventDate "2006.05.21"]

1. e4 e5 2. Bc4 Nf6 3. d3 Bc5 4. Nf3 Nc6 5. c3 O-O 6. Bb3 d6 7. Nbd2 Bg4 8. Nf1
d5 9. Qe2 d4 10. Ng3 Qd7 11. h3 Be6 12. Bc2 Bb6 13. O-O Rad8 14. Bg5 dxc3 15.
bxc3 Kh8 16. Kh2 Rg8 17. Nh4 h6 18. Bxf6 gxf6 19. Qf3 Qe7 20. Nh5 Ba5 21. d4
exd4 22. e5 Nxe5 23. Qf4 Rg5 24. cxd4 Rxh5 25. dxe5 Bc3 26. Rae1 Bxe1 27. Rxe1
Rg8 28. g3 fxe5 29. Rxe5 Rhg5 30. Nf3 R5g6 31. Bxg6 Rxg6 32. Nh4 Rg5 33. Re4
Qd8 34. Rd4 Qe7 35. Nf3 Rg6 36. Nh4 Rg5 37. Re4 Qd6 38. Qf6+ Kh7 39. Rd4 Qf8
40. f4 Rc5 41. f5 Rc2+ 42. Ng2 Bxa2 43. Qe5 Qg7 44. Qe4 Rc6 45. Nf4 Qf6 46. Nh5
Rc2+ 47. Qxc2 Qxd4 48. Qxa2 Kg8 49. Qe2 Qd8 50. h4 a5 51. Qg4+ Kf8 52. f6 Qd2+
53. Kh3 Qd8 54. Qg7+ Ke8 55. Qg8+ Kd7 56. Qxf7+ Kc6 57. Qe6+ Qd6 58. Qe8+ Qd7+
59. Qxd7+ Kxd7 60. Kg4 Ke6 61. Nf4+ Kxf6 62. Nd5+ Kg6 63. h5+ Kg7 64. Nxc7 Kf6
65. Kf4 a4 66. Nb5 Ke6 67. g4 Kf6 68. Na3 Ke6 69. g5 hxg5+ 70. Kxg5 Kf7 71. h6
Kg8 72. Kg6 b6 73. h7+ Kh8 74. Nb5 a3 75. Nd6 a2 76. Nf7# 1-0

[Event "XXXVII Olimpiadi femminile"]
[Site "Torino ITA"]
[Date "2006.06.03"]
[Round "12.1"]
[White "Sanchez Castillo, Sarai"]
[Black "Wilson, Julie"]
[Result "1-0"]
[WhiteElo "2176"]
[BlackElo "1945"]
[Annotator "VEN-WLS"]
[PlyCount "65"]
[EventDate "2006.05.21"]

1. e4 e6 2. d4 d5 3. Nc3 Nf6 4. Bg5 dxe4 5. Nxe4 Be7 6. Bxf6 Bxf6 7. Nf3 O-O 8.
Nxf6+ Qxf6 9. Bd3 Nd7 10. Qe2 c5 11. Qe4 g6 12. O-O-O cxd4 13. Qxd4 Qxd4 14.
Nxd4 Nc5 15. Nf3 Rd8 16. Be2 Bd7 17. Ne5 Be8 18. Bf3 Rxd1+ 19. Rxd1 Rb8 20. Nc4
Kf8 21. Nd6 a5 22. Nc4 a4 23. Nb6 Ke7 24. Rd4 Rd8 25. Rc4 Kd6 26. a3 e5 27. Rb4
f5 28. Nc4+ Ke6 29. Rb6+ Bc6 30. Bxc6 bxc6 31. Na5 Kd5 32. Nxc6 Ne4 33. Nxd8
1-0

[Event "XXXVII Olimpiadi femminile"]
[Site "Torino ITA"]
[Date "2006.06.03"]
[Round "12.2"]
[White "Blackburn, Suzie G."]
[Black "Hernandez, Zaida"]
[Result "1/2-1/2"]
[WhiteElo "1779"]
[BlackElo "2046"]
[Annotator "VEN-WLS"]
[PlyCount "57"]
[EventDate "2006.05.21"]

1. d4 d5 2. Nf3 Nf6 3. Bg5 e6 4. e3 Nbd7 5. Nbd2 c6 6. c3 h6 7. Bh4 Be7 8. Bd3
Qb6 9. Qb3 O-O 10. O-O Re8 11. Bg3 c5 12. Qxb6 Nxb6 13. Ne5 a6 14. h3 Nfd7 15.
Ndf3 Nxe5 16. Nxe5 Nd7 17. Rfe1 Nxe5 18. Bxe5 Bd7 19. dxc5 Bxc5 20. Bd4 Bd6 21.
e4 Bc6 22. exd5 Bxd5 23. Be4 Bxe4 24. Rxe4 Bc7 25. Rae1 Rad8 26. Rg4 e5 27.
Rge4 f5 28. R4e2 e4 29. f3 1/2-1/2

[Event "XXXVII Olimpiadi femminile"]
[Site "Torino ITA"]
[Date "2006.06.03"]
[Round "12.1"]
[White "Ptacnikova, Lenka"]
[Black "Milligan, Helen"]
[Result "1-0"]
[WhiteElo "2183"]
[BlackElo "2053"]
[Annotator "ISL-SCO"]
[PlyCount "69"]
[EventDate "2006.05.21"]

1. c4 Nf6 2. g3 e5 3. Bg2 Nc6 4. Nc3 Bb4 5. Nd5 O-O 6. e3 Re8 7. Ne2 Bf8 8. O-O
d6 9. Nec3 Bf5 10. d3 Nxd5 11. cxd5 Ne7 12. e4 Bg6 13. d4 exd4 14. Qxd4 f5 15.
Bg5 fxe4 16. Nxe4 Qd7 17. Rfe1 Bf7 18. Nc3 Ng6 19. Rxe8 Qxe8 20. Qb4 b6 21. Nb5
Qe5 22. Bd2 a5 23. Qc3 Qxc3 24. Bxc3 Ne7 25. Nxc7 Rc8 26. Ne6 Ng6 27. f4 Bxe6
28. dxe6 Be7 29. Be4 Nf8 30. Re1 Rc5 31. Bd4 d5 32. Bd3 Rc6 33. f5 h6 34. Bb5
Rd6 35. Rc1 1-0

[Event "XXXVII Olimpiadi femminile"]
[Site "Torino ITA"]
[Date "2006.06.03"]
[Round "12.2"]
[White "Giulian, Rosemary A."]
[Black "Thorsteinsdottir, Gudlaug"]
[Result "1/2-1/2"]
[WhiteElo "2050"]
[BlackElo "2138"]
[Annotator "ISL-SCO"]
[PlyCount "41"]
[EventDate "2006.05.21"]

1. e4 c5 2. c3 g6 3. d4 cxd4 4. cxd4 d5 5. exd5 Nf6 6. Nc3 Bg7 7. Nf3 O-O 8.
Bc4 Nbd7 9. O-O Nb6 10. Bb3 Nfxd5 11. h3 h6 12. Re1 Be6 13. Ne5 Kh7 14. Bc2 Qc8
15. Bd2 Nf6 16. Rc1 Bf5 17. Ne4 Qd8 18. Nxf6+ exf6 19. Nf3 Bxc2 20. Rxc2 Qd6
21. a3 1/2-1/2

[Event "XXXVII Olimpiadi femminile"]
[Site "Torino ITA"]
[Date "2006.06.03"]
[Round "12.1"]
[White "Tilenbaeva, Janyl"]
[Black "Nuritdinova, Elena"]
[Result "1-0"]
[WhiteElo "2051"]
[BlackElo "2087"]
[Annotator "KGZ-TJK"]
[PlyCount "69"]
[EventDate "2006.05.21"]

1. e4 d6 2. d4 Nf6 3. Nc3 g6 4. Nf3 Bg7 5. Be2 O-O 6. h3 c6 7. Be3 Qc7 8. Qd2
Nbd7 9. g4 b5 10. a3 Nb6 11. Bh6 e5 12. Bxg7 Kxg7 13. g5 Nh5 14. d5 a6 15. dxc6
Be6 16. O-O-O Rfd8 17. Nd5 Qxc6 18. Nh4 Rac8 19. Bxh5 Nxd5 20. exd5 Bxd5 21.
Bg4 Bxh1 22. f3 Bxf3 23. Nxf3 Rb8 24. Ne1 Qc4 25. Nd3 e4 26. Nb4 a5 27. Nd5 Re8
28. Qf2 Qc5 29. Qf6+ Kg8 30. Ne7+ Kf8 31. Rf1 Qc4 32. Be2 Qa2 33. c4 Qa1+ 34.
Kc2 Qxf1 35. Bxf1 1-0

[Event "XXXVII Olimpiadi femminile"]
[Site "Torino ITA"]
[Date "2006.06.03"]
[Round "12.2"]
[White "Steil-Antoni, Fiona"]
[Black "Mudongo, Boikhutso"]
[Result "1-0"]
[WhiteElo "1968"]
[BlackElo "1951"]
[Annotator "BOT-LUX"]
[PlyCount "113"]
[EventDate "2006.05.21"]

1. e4 c5 2. Nf3 d6 3. c3 d5 4. exd5 Qxd5 5. d4 Bg4 6. Be2 e6 7. O-O Nf6 8. Be3
Nbd7 9. Qa4 b6 10. Rd1 Qb7 11. Na3 a6 12. dxc5 b5 13. Qb4 Qc7 14. Rxd7 Kxd7 15.
Bxb5+ axb5 16. Nxb5 Qa5 17. Ne5+ Kc8 18. Qc4 Bh5 19. Nd6+ Kc7 20. Nexf7 Bxf7
21. Nxf7 Rg8 22. Qxe6 Ra6 23. Bf4+ Kb7 24. Nd6+ Bxd6 25. Bxd6 Qd8 26. b4 Qe8
27. Qb3 Qe2 28. b5 Rxd6 29. cxd6 Rd8 30. Qb4 Qd3 31. h3 Rxd6 32. a4 Ne4 33. Re1
Nf6 34. a5 Qd5 35. c4 Qd4 36. a6+ Ka7 37. Qa5 Qb6 38. Qa3 Rd7 39. Rb1 Ne4 40.
Rb2 Nc5 41. Re2 Rc7 42. Qg3 Na4 43. Qf4 Qc5 44. Qe3 Qxe3 45. Rxe3 Kb6 46. Re6+
Ka7 47. Kh2 g6 48. Kg3 Rxc4 49. Re7+ Ka8 50. Rxh7 Rc8 51. Rg7 Rd8 52. Rxg6 Ka7
53. h4 Nc5 54. f3 Rd7 55. h5 Rh7 56. h6 Kb8 57. Rg8+ 1-0

[Event "XXXVII Olimpiadi femminile"]
[Site "Torino ITA"]
[Date "2006.06.03"]
[Round "12.1"]
[White "Perez, Eneida"]
[Black "Richards, Deborah"]
[Result "1/2-1/2"]
[WhiteElo "2110"]
[BlackElo "1922"]
[Annotator "DOM-JAM"]
[PlyCount "40"]
[EventDate "2006.05.21"]

1. d4 Nf6 2. e3 g6 3. f4 Bg7 4. Nf3 O-O 5. Bc4 d5 6. Bd3 b6 7. Qe2 c5 8. c3 Bb7
9. Nbd2 Ne4 10. Bxe4 dxe4 11. Ng5 Ba6 12. Qf2 cxd4 13. exd4 e5 14. dxe5 Bxe5
15. Ndxe4 Bf6 16. Be3 h6 17. Nxf6+ Qxf6 18. Nf3 Rd8 19. Nd4 Nd7 20. b4 Bc4
1/2-1/2

[Event "XXXVII Olimpiadi femminile"]
[Site "Torino ITA"]
[Date "2006.06.03"]
[Round "12.2"]
[White "Zhu, Hui"]
[Black "De La Cruz, Mercedes"]
[Result "1/2-1/2"]
[WhiteElo "2050"]
[BlackElo "2101"]
[Annotator "DOM-JAM"]
[PlyCount "71"]
[EventDate "2006.05.21"]

1. e4 c5 2. Nf3 e6 3. d4 cxd4 4. Nxd4 a6 5. Nc3 Qc7 6. g3 g6 7. Bg2 Bg7 8. Be3
d6 9. O-O Nf6 10. h3 Nc6 11. Qd2 Nxd4 12. Bxd4 O-O 13. a4 Bd7 14. Qe3 Bc6 15.
Rfd1 e5 16. Bb6 Qe7 17. Qd3 Ne8 18. Nd5 Bxd5 19. Qxd5 Rc8 20. c3 Rc6 21. a5 Nf6
22. Qd3 Rfc8 23. Be3 Qe6 24. Ra3 Bf8 25. b4 Qc4 26. Bg5 Ne8 27. Qe3 f6 28. Bh6
Bxh6 29. Qxh6 Qe2 30. Qc1 Rxc3 31. Rxc3 Rxc3 32. Qxc3 Qxd1+ 33. Kh2 Qa4 34. Qc8
Qc6 35. Qe6+ Kf8 36. Bf1 1/2-1/2

[Event "XXXVII Olimpiadi femminile"]
[Site "Torino ITA"]
[Date "2006.06.03"]
[Round "12.1"]
[White "Ryvova, Anna"]
[Black "Ramirez, Maria Eugenia"]
[Result "1/2-1/2"]
[WhiteElo "2057"]
[BlackElo "1940"]
[Annotator "ICSC-BOL"]
[PlyCount "58"]
[EventDate "2006.05.21"]

1. e4 e5 2. Nf3 Nc6 3. Bb5 Nd4 4. Nxd4 exd4 5. O-O c6 6. Bc4 d6 7. Re1 Be6 8.
d3 g6 9. Bxe6 fxe6 10. e5 Bg7 11. exd6 Qxd6 12. Qg4 Kf7 13. Nd2 Nf6 14. Qe2
Rhe8 15. Nc4 Qd5 16. Ne5+ Kg8 17. Bf4 Nh5 18. Bd2 Re7 19. Bg5 Ree8 20. Qe4 Nf6
21. Qh4 Rf8 22. Bh6 Rae8 23. Bxg7 Kxg7 24. Qg5 Nd7 25. Qg3 Nf6 26. Qf3 Qc5 27.
Qe2 Qd5 28. Qf3 Qc5 29. Qe2 Qd5 1/2-1/2

[Event "XXXVII Olimpiadi femminile"]
[Site "Torino ITA"]
[Date "2006.06.03"]
[Round "12.2"]
[White "Cordero, Daniela"]
[Black "Rossinskaya, Ljudmilla"]
[Result "1/2-1/2"]
[WhiteElo "2031"]
[BlackElo "1931"]
[Annotator "ICSC-BOL"]
[PlyCount "63"]
[EventDate "2006.05.21"]

1. d4 d5 2. c4 c6 3. e3 Nf6 4. Nf3 Bg4 5. Nc3 e6 6. Qb3 Qc7 7. Be2 Nbd7 8. cxd5
exd5 9. Bd2 Rc8 10. O-O Bd6 11. h3 Bxf3 12. Bxf3 O-O 13. Rfc1 Qb8 14. Rab1 Rfe8
15. Qd1 b5 16. b4 Nb6 17. Be2 Nc4 18. Bxc4 dxc4 19. Qf3 Qb7 20. e4 Bf8 21. Bg5
Nd7 22. a3 a5 23. Be3 axb4 24. axb4 Ra8 25. Qd1 Nf6 26. Qc2 Ra3 27. Rd1 Rea8
28. Bc1 Ra1 29. Be3 Rxb1 30. Rxb1 Re8 31. Bg5 Nd7 32. Be3 1/2-1/2

[Event "XXXVII Olimpiadi femminile"]
[Site "Torino ITA"]
[Date "2006.06.03"]
[Round "12.1"]
[White "Mansour, Mariam"]
[Black "Connolly, Suzanne"]
[Result "0-1"]
[WhiteElo "1838"]
[BlackElo "2027"]
[Annotator "UAE-IRL"]
[PlyCount "60"]
[EventDate "2006.05.21"]

1. c4 e5 2. d3 Nf6 3. Nf3 Nc6 4. e3 Bb4+ 5. Bd2 Qe7 6. a3 Bxd2+ 7. Nbxd2 a5 8.
Be2 O-O 9. O-O d6 10. Rb1 a4 11. Qc2 Bd7 12. Rfe1 Ne8 13. d4 f5 14. d5 Na5 15.
Bf1 b6 16. Rbc1 Nb7 17. h3 Nc5 18. Nb1 Nf6 19. Nc3 Nfe4 20. Ne2 Rab8 21. Nd2
Nxd2 22. Qxd2 Nb3 23. Qc2 Nxc1 24. Rxc1 c5 25. Nc3 Ra8 26. Be2 f4 27. e4 Qg5
28. Kf1 f3 29. Bxf3 Bxh3 30. gxh3 Rxf3 0-1

[Event "XXXVII Olimpiadi femminile"]
[Site "Torino ITA"]
[Date "2006.06.03"]
[Round "12.2"]
[White "Quinn, Deborah"]
[Black "Ebtissam, Mohamed"]
[Result "1-0"]
[WhiteElo "1813"]
[BlackElo "1797"]
[Annotator "UAE-IRL"]
[PlyCount "43"]
[EventDate "2006.05.21"]

1. e4 c5 2. Nc3 Nc6 3. g3 g6 4. Bg2 Bg7 5. d3 e6 6. Be3 d6 7. Qd2 Nge7 8. Bh6
O-O 9. h4 Ne5 10. Bxg7 Kxg7 11. h5 Rh8 12. h6+ Kf8 13. O-O-O N7c6 14. f4 Ng4
15. Nf3 Qa5 16. d4 cxd4 17. Nxd4 d5 18. Nb3 Qd8 19. exd5 exd5 20. Nxd5 Be6 21.
Qc3 Rg8 22. Qc5+ 1-0

[Event "XXXVII Olimpiadi femminile"]
[Site "Torino ITA"]
[Date "2006.06.03"]
[Round "12.1"]
[White "Frick, Denise"]
[Black "Toubal, Wissan"]
[Result "1-0"]
[WhiteElo "1907"]
[BlackElo "1963"]
[Annotator "RSA-ALG"]
[PlyCount "73"]
[EventDate "2006.05.21"]

1. e4 c5 2. Nf3 d6 3. d4 cxd4 4. Nxd4 Nf6 5. Nc3 a6 6. Bg5 e6 7. f4 Be7 8. Qf3
Qc7 9. O-O-O Nbd7 10. g4 b5 11. Bxf6 Nxf6 12. g5 Nd7 13. f5 Ne5 14. Qg3 Bd7 15.
Bh3 Qc8 16. Rhf1 Ra7 17. Kb1 Bd8 18. fxe6 fxe6 19. Nce2 Bb6 20. Qf4 Ke7 21. Qh4
Ng6 22. Qg3 Ne5 23. Qh4 Ng6 24. Qg3 Ne5 25. Nf4 Bxd4 26. Rxd4 Rc7 27. Rd2 g6
28. Rdf2 Rc4 29. Bg2 Qc7 30. Nd3 Be8 31. Nxe5 dxe5 32. Qf3 Kd6 33. Qf6 Rg8 34.
Rd1+ Rd4 35. Rxd4+ exd4 36. Qxd4+ Ke7 37. Qf6+ 1-0

[Event "XXXVII Olimpiadi femminile"]
[Site "Torino ITA"]
[Date "2006.06.04"]
[Round "13.2"]
[White "Kosintseva, Tatiana"]
[Black "Harika, Dronavalli"]
[Result "1/2-1/2"]
[WhiteElo "2489"]
[BlackElo "2358"]
[Annotator "IND-RUS"]
[PlyCount "60"]
[EventDate "2006.05.21"]

1. e4 c5 2. Nf3 g6 3. d4 Bg7 4. Nc3 cxd4 5. Nxd4 Nc6 6. Be3 Nf6 7. Bc4 O-O 8.
Bb3 a5 9. O-O d6 10. Ndb5 b6 11. a4 Ba6 12. f4 Nd7 13. Qf3 Nc5 14. e5 Nxb3 15.
cxb3 Bxb5 16. Nxb5 Na7 17. Nxa7 Rxa7 18. Rad1 Qb8 19. exd6 exd6 20. f5 Re8 21.
Bf4 Qa8 22. Qxa8 Raxa8 23. Bxd6 Bxb2 24. Bc7 Be5 25. Bxe5 Rxe5 26. f6 b5 27.
Rd7 bxa4 28. bxa4 h6 29. Rfd1 g5 30. h3 Re6 1/2-1/2

[Event "XXXVII Olimpiadi femminile"]
[Site "Torino ITA"]
[Date "2006.06.04"]
[Round "13.3"]
[White "Swathi, Ghate"]
[Black "Kosintseva, Nadezhda"]
[Result "0-1"]
[WhiteElo "2262"]
[BlackElo "2469"]
[Annotator "IND-RUS"]
[PlyCount "92"]
[EventDate "2006.05.21"]

1. e4 c5 2. Nf3 d6 3. d4 cxd4 4. Nxd4 Nf6 5. Nc3 Nc6 6. Bg5 e6 7. Qd2 a6 8.
O-O-O Bd7 9. f4 b5 10. Bxf6 gxf6 11. Nxc6 Bxc6 12. Bd3 Qb6 13. Kb1 b4 14. Ne2
Rc8 15. f5 e5 16. Ng3 h5 17. h4 a5 18. Qe2 Bh6 19. Nxh5 Ke7 20. Rh3 Qd4 21. Qe1
a4 22. Qg1 Qxg1 23. Rxg1 Rcg8 24. g4 Bd2 25. Rhg3 a3 26. b3 Bc3 27. Kc1 Bd4 28.
R1g2 d5 29. Be2 dxe4 30. g5 fxg5 31. hxg5 e3 32. Rg1 Be4 33. Nf6 Bxf5 34. Nxg8+
Rxg8 35. Rf1 Bg6 36. Bc4 Rh8 37. Rg2 Rh4 38. Bd3 Bb2+ 39. Kb1 Rf4 40. Re1 Bc3
41. Rh1 Kd6 42. Kc1 Kc5 43. Kd1 Rd4 44. Rh8 e4 45. Rc8+ Kb6 46. Rc4 exd3 0-1

[Event "XXXVII Olimpiadi femminile"]
[Site "Torino ITA"]
[Date "2006.06.04"]
[Round "13.1"]
[White "Zhao, Xue"]
[Black "Azarova, Nadezhda"]
[Result "1-0"]
[WhiteElo "2423"]
[BlackElo "2281"]
[Annotator "CHN-BLR"]
[PlyCount "75"]
[EventDate "2006.05.21"]

1. d4 Nf6 2. c4 e6 3. Nf3 b6 4. Nc3 Bb7 5. a3 d5 6. cxd5 exd5 7. g3 Be7 8. Bg2
O-O 9. O-O a5 10. Bf4 c6 11. Qc2 Nbd7 12. Rad1 b5 13. Ne5 Nb6 14. a4 bxa4 15.
Nxa4 Nxa4 16. Qxa4 Qb6 17. Rc1 c5 18. dxc5 Bxc5 19. Nd3 Bb4 20. Bc7 Qe6 21.
Nxb4 axb4 22. Qxb4 Ba6 23. Rfe1 Rfe8 24. Bf3 Rac8 25. Qd4 Bc4 26. Bf4 Qa6 27.
Be5 Rc6 28. Rc3 Rce6 29. Bxf6 Rxf6 30. b3 Bb5 31. Qxd5 h6 32. e3 Qa5 33. Rec1
Rd8 34. Qxd8+ Qxd8 35. Rc8 Qxc8 36. Rxc8+ Kh7 37. Bd5 Kg6 38. Be4+ 1-0

[Event "XXXVII Olimpiadi femminile"]
[Site "Torino ITA"]
[Date "2006.06.04"]
[Round "13.3"]
[White "Juergens, Vera"]
[Black "Goletiani, Rusudan"]
[Result "1/2-1/2"]
[WhiteElo "2330"]
[BlackElo "2371"]
[Annotator "GER-USA"]
[PlyCount "136"]
[EventDate "2006.05.21"]

1. d4 Nf6 2. Bg5 e6 3. e4 h6 4. Bxf6 Qxf6 5. Nc3 d6 6. Qd2 g5 7. Nge2 Bd7 8. f4
Bg7 9. g3 gxf4 10. gxf4 Qh4+ 11. Ng3 Nc6 12. Nce2 e5 13. d5 Nd4 14. Nxd4 exf4
15. Nf3 Qg4 16. Bh3 Qxh3 17. Qxf4 Bxb2 18. Rb1 Bc3+ 19. Kf2 Qg4 20. Qxg4 Bxg4
21. Rxb7 Ba5 22. Rb3 Bb6+ 23. Kg2 O-O-O 24. Nh4 Rde8 25. Rf1 Rh7 26. Rf4 Rg7
27. Rd3 a5 28. Kf1 h5 29. Ke1 f5 30. Kd2 fxe4 31. Nxe4 Rge7 32. Nf6 Re2+ 33.
Kc3 R8e7 34. h3 Bd7 35. Nxd7 Kxd7 36. Ng6 Rg7 37. Rf6 Kc8 38. Nf4 Rh2 39. a4
Rg1 40. Kb2 Kb7 41. Rf8 Rf2 42. Ne6 Rxf8 43. Nxf8 h4 44. Ne6 Rg3 45. Kc3 Be3
46. Nd4 Bxd4+ 47. Kxd4 Rg2 48. Kc3 Kb6 49. Kb3 Kc5 50. Rc3+ Kxd5 51. Rxc7 Rg3+
52. c3 Rxh3 53. Ra7 Ke4 54. Rxa5 d5 55. Kb4 Rh1 56. Ra8 Kf3 57. Rh8 h3 58. Kc5
Kg2 59. Kxd5 Ra1 60. Rg8+ Kf2 61. Rh8 Kg3 62. Rg8+ Kf3 63. Rh8 Kg3 64. Rg8+ Kf3
65. Rf8+ Kg3 66. Rg8+ Kf3 67. Rf8+ Kg3 68. Rg8+ Kf2 1/2-1/2

[Event "XXXVII Olimpiadi femminile"]
[Site "Torino ITA"]
[Date "2006.06.04"]
[Round "13.2"]
[White "Javakhishvili, Lela"]
[Black "Przezdziecka, Marta"]
[Result "1-0"]
[WhiteElo "2410"]
[BlackElo "2265"]
[Annotator "POL-GEO"]
[PlyCount "89"]
[EventDate "2006.05.21"]

1. d4 Nf6 2. c4 g6 3. Nc3 d5 4. Bg5 Ne4 5. Bh4 Nxc3 6. bxc3 dxc4 7. e3 Be6 8.
Qb1 Qd5 9. Nf3 Qa5 10. Qc2 Nd7 11. Nd2 Nb6 12. Be2 Na4 13. O-O b5 14. Bf3 Rd8
15. Rfc1 f6 16. Rab1 Kf7 17. Bc6 a6 18. Rb4 Qb6 19. Qe4 Bf5 20. Qf3 Bg4 21.
Bd5+ Rxd5 22. Qxd5+ Be6 23. Qf3 c6 24. Rxa4 bxa4 25. Rb1 Qa5 26. Rb7 Qf5 27.
Ra7 Qxf3 28. Nxf3 Bh6 29. Ne5+ fxe5 30. Rxe7+ Kf8 31. Rxe6 exd4 32. cxd4 c5 33.
d5 c3 34. Rc6 g5 35. Bg3 Bg7 36. Rxc5 Kf7 37. Rc7+ Kf6 38. Rxc3 Rd8 39. e4 h5
40. h4 g4 41. Rc6+ Kf7 42. Rxa6 Rc8 43. Rxa4 Rc1+ 44. Kh2 Rc2 45. e5 1-0

[Event "XXXVII Olimpiadi femminile"]
[Site "Torino ITA"]
[Date "2006.06.04"]
[Round "13.3"]
[White "Majdan, Joanna"]
[Black "Lomineishvili, Maia"]
[Result "1/2-1/2"]
[WhiteElo "2297"]
[BlackElo "2395"]
[Annotator "POL-GEO"]
[PlyCount "58"]
[EventDate "2006.05.21"]

1. e4 c6 2. d4 g6 3. Be3 d5 4. Nc3 dxe4 5. Nxe4 Bg7 6. Qd2 Nd7 7. O-O-O Ngf6 8.
Ng3 Nb6 9. Nf3 Bg4 10. c4 Bxf3 11. gxf3 Qd7 12. h4 h5 13. Bf4 O-O 14. Kb1 c5
15. d5 Na4 16. Bh3 Qd8 17. Qc2 b5 18. Be5 Rb8 19. cxb5 Qa5 20. Bf1 a6 21. Rg1
axb5 22. d6 exd6 23. Bxf6 Bxf6 24. Nxh5 Bxb2 25. Rxg6+ fxg6 26. Qxg6+ Kh8 27.
Qh6+ Kg8 28. Qg6+ Kh8 29. Qh6+ Kg8 1/2-1/2

[Event "XXXVII Olimpiadi femminile"]
[Site "Torino ITA"]
[Date "2006.06.04"]
[Round "13.2"]
[White "Botsari, Anna-Maria"]
[Black "Vajda, Szidonia"]
[Result "1/2-1/2"]
[WhiteElo "2341"]
[BlackElo "2403"]
[Annotator "HUN-GRE"]
[PlyCount "83"]
[EventDate "2006.05.21"]

1. d4 Nf6 2. c4 e6 3. Nc3 Bb4 4. Qc2 d5 5. cxd5 exd5 6. Bg5 c5 7. a3 Bxc3+ 8.
Qxc3 c4 9. Nf3 Nc6 10. e3 h6 11. Bxf6 Qxf6 12. Be2 O-O 13. Ne5 Re8 14. f4 Qd6
15. O-O f6 16. Bh5 Re7 17. Ng6 Rc7 18. f5 Ne7 19. Nh4 Bd7 20. Rf4 Be8 21. Bf3
b5 22. Qd2 Rd8 23. Re1 Nc6 24. g3 Bf7 25. Bg2 a5 26. Nf3 b4 27. axb4 Qxb4 28.
Qc1 Re7 29. Nd2 Rb8 30. Nxc4 Nd8 31. Na3 Qxb2 32. Qc5 Qb4 33. Re2 Qxc5 34. dxc5
Rc7 35. Rc2 Rbc8 36. Ra4 Rxc5 37. Rxa5 Rxc2 38. Nxc2 Rxc2 39. Ra8 Rc1+ 40. Kf2
Rc2+ 41. Kg1 Rc1+ 42. Kf2 1/2-1/2

[Event "XXXVII Olimpiadi femminile"]
[Site "Torino ITA"]
[Date "2006.06.04"]
[Round "13.3"]
[White "Gara, Anita"]
[Black "Makropoulou, Marina"]
[Result "1-0"]
[WhiteElo "2367"]
[BlackElo "2305"]
[Annotator "HUN-GRE"]
[PlyCount "85"]
[EventDate "2006.05.21"]

1. e4 e5 2. Nf3 Nc6 3. Bb5 a6 4. Ba4 Nf6 5. O-O Bc5 6. c3 b5 7. Bb3 d6 8. a4
Bg4 9. h3 Bh5 10. d3 b4 11. a5 O-O 12. Bg5 Rb8 13. g4 Bg6 14. Bd5 Ne7 15. Bxf6
gxf6 16. Bb3 Ba7 17. Nbd2 d5 18. Qe2 c6 19. Ra4 bxc3 20. bxc3 Rb5 21. Rfa1 Qb8
22. Bc2 Rb2 23. R4a2 Rxa2 24. Rxa2 Rd8 25. Nh4 Qd6 26. Nf5 Bxf5 27. gxf5 Qc5
28. Qg4+ Kf8 29. Qh4 Qxc3 30. Qh6+ Ke8 31. exd5 Ng8 32. Qxh7 Bxf2+ 33. Kg2 Qxd2
34. Qxg8+ Ke7 35. d6+ Rxd6 36. Bb3 Qg5+ 37. Qxg5 fxg5 38. Rxf2 Rxd3 39. f6+ Ke8
40. Rf3 Rd6 41. Bc4 c5 42. Rf5 Rd2+ 43. Kg3 1-0

[Event "XXXVII Olimpiadi femminile"]
[Site "Torino ITA"]
[Date "2006.06.04"]
[Round "13.1"]
[White "Sedina, Elena"]
[Black "Berntsen, Sheila Barth"]
[Result "1/2-1/2"]
[WhiteElo "2373"]
[BlackElo "2159"]
[Annotator "ITA1-NOR"]
[PlyCount "82"]
[EventDate "2006.05.21"]

1. e4 e5 2. Nf3 Nc6 3. Bc4 Nf6 4. d3 Be7 5. O-O O-O 6. Re1 d6 7. a4 Nd7 8. c3
a6 9. Nbd2 Kh8 10. Nf1 Nb6 11. Bb3 Bg4 12. h3 Bh5 13. Ng3 Bg6 14. a5 Nd7 15. d4
exd4 16. Nxd4 Bf6 17. Be3 Re8 18. f4 Bh4 19. Bf2 Bxg3 20. Bxg3 Rxe4 21. Nxc6
Rxe1+ 22. Qxe1 bxc6 23. Ba4 c5 24. Bh4 f6 25. Qe6 Nf8 26. Qd5 h6 27. Re1 c6 28.
Bxc6 Rc8 29. f5 Bh7 30. Re8 Qc7 31. Rxc8 Qxc8 32. g4 Bg8 33. Qxd6 Nh7 34. Bf2
Ng5 35. Kg2 c4 36. Bb6 Nf7 37. Qd7 Qf8 38. Bc7 Qc5 39. Bf3 Ng5 40. Bb6 Qe5 41.
Qc7 Nxf3 1/2-1/2

[Event "XXXVII Olimpiadi femminile"]
[Site "Torino ITA"]
[Date "2006.06.04"]
[Round "13.2"]
[White "Bjerke, Silje"]
[Black "Zimina, Olga"]
[Result "0-1"]
[WhiteElo "2161"]
[BlackElo "2404"]
[Annotator "ITA1-NOR"]
[PlyCount "108"]
[EventDate "2006.05.21"]

1. d4 d5 2. c4 e6 3. Nf3 c6 4. Nc3 dxc4 5. a4 Bb4 6. e3 b5 7. Bd2 a5 8. axb5
Bxc3 9. Bxc3 cxb5 10. b3 Bb7 11. bxc4 b4 12. Bb2 Nf6 13. Bd3 O-O 14. O-O Nbd7
15. Re1 Ne4 16. c5 Qc7 17. Bb5 Bc6 18. Bxc6 Qxc6 19. Qa4 Qc7 20. Red1 f5 21.
Ne1 Nb8 22. Nd3 Nc6 23. Qb3 Qf7 24. Ra4 Rad8 25. Rda1 Nf6 26. Ne5 Nxe5 27. dxe5
Ne4 28. Rxa5 Rd2 29. Rf1 f4 30. Bc1 fxe3 31. Qxe3 Nxf2 32. Re1 Rc2 33. Bd2 Nd3
34. Rea1 b3 35. Ra8 b2 36. Rxf8+ Qxf8 37. Rb1 Rxd2 38. Qxd2 Qxc5+ 39. Kf1 Qc1+
40. Qd1 g5 41. Ke2 Nf4+ 42. Kf1 Nd3 43. Ke2 Nf4+ 44. Kf1 Qc4+ 45. Kg1 Nd3 46.
Qf3 Qc1+ 47. Qf1 Qe3+ 48. Kh1 Nf2+ 49. Kg1 Ng4+ 50. Kh1 Qxe5 51. g3 Qe4+ 52.
Kg1 Ne3 53. Qe2 Qxb1+ 54. Kf2 Qf1+ 0-1

[Event "XXXVII Olimpiadi femminile"]
[Site "Torino ITA"]
[Date "2006.06.04"]
[Round "13.3"]
[White "Ambrosi, Eleonora"]
[Black "Hagesaether, Torill"]
[Result "1-0"]
[WhiteElo "2136"]
[BlackElo "2007"]
[Annotator "ITA1-NOR"]
[PlyCount "55"]
[EventDate "2006.05.21"]

1. e4 e5 2. Nf3 Nc6 3. Bb5 a6 4. Bxc6 dxc6 5. d4 exd4 6. Qxd4 Qxd4 7. Nxd4 Bd7
8. O-O O-O-O 9. Be3 c5 10. Nb3 b6 11. Nc3 Bd6 12. f4 f6 13. Nd2 Ne7 14. Nc4 Nc6
15. Nd5 Kb7 16. Ndxb6 Nb4 17. Nxd7 Rxd7 18. Rf2 Re8 19. e5 fxe5 20. fxe5 Bxe5
21. Bxc5 Bd4 22. Na5+ Kc8 23. Bxd4 Rxd4 24. c3 Rde4 25. cxb4 Rxb4 26. Nb3 Re7
27. Nc5 a5 28. Rf8+ 1-0